| 000 | 00637cam a22001814a 4500 | ||
|---|---|---|---|
| 005 | 20250605164348.0 | ||
| 008 | 250528s ||||||||||||||||||||||||d | ||
| 035 | _a24031 | ||
| 040 |
_aGR-AtMCL _bgre _dGR-AtMCL _eAACR2 |
||
| 245 | 1 | _aMy Face is My Passport / Your Guide To Biometrics | |
| 260 |
_bInternational Airport Review, _c2021 |
||
| 300 | _a48 | ||
| 520 | _aAirport Technology Priorities in the Face of a Pandemic, Belfast City Airport's Award-Winning Accessibility Practices, Bringing Italian Design to Milan Linate Airport. | ||
| 700 | 1 |
_aRomig Thomas _99360 |
|
| 942 | _cCR | ||
| 999 |
_c8932 _d8932 |
||